Online Catalogue and eLibrary

Suyamvaram (Record no. 3991)

MARC details
000 -LEADER
fixed length control field 00485nam a2200205Ia 4500
005 - DATE AND TIME OF LATEST TRANSACTION
control field 20250325034258.0
008 - FIXED-LENGTH DATA ELEMENTS--GENERAL INFORMATION
fixed length control field 240331s9999 xx 000 0 und d
082 ## - DDC Classification
Item Number - Author Mark MEE
Class No. 894
100 ## - MAIN ENTRY--PERSONAL NAME
Personal name Meera , C
245 #0 - TITLE STATEMENT
Title Suyamvaram
260 ## - PUBLICATION, DISTRIBUTION, ETC.
Place of publication, distribution, etc. Shivagangai
Name of publisher, distributor, etc. Anam Velidu
Date of publication, distribution, etc. 1986
300 ## - PHYSICAL DESCRIPTION
Extent (e.g. Volumes, Pages etc.) 146 p .,
650 ## - SUBJECT ADDED ENTRY--TOPICAL TERM
Topical term or geographic name entry element Kurunaval
650 ## - SUBJECT ADDED ENTRY--TOPICAL TERM
Topical term or geographic name entry element Medai Nasagam
650 ## - SUBJECT ADDED ENTRY--TOPICAL TERM
Topical term or geographic name entry element Sirukadhai
650 ## - SUBJECT ADDED ENTRY--TOPICAL TERM
Topical term or geographic name entry element Kavithai Nadagam
650 ## - SUBJECT ADDED ENTRY--TOPICAL TERM
Topical term or geographic name entry element Kadurai
650 ## - SUBJECT ADDED ENTRY--TOPICAL TERM
Topical term or geographic name entry element Molzhi peyaruppu kavithai
942 ## - Koha item type (Biblio)
Koha item type Books in Stacks (Lending)
Holdings
Lost status Damaged status Collection code Home library Current library Shelving location Date acquired Full call number Accession Number Item type
    Lending WERC Library WERC Library Social Science Cupboard 03/31/2024 894.811 MEE 2039 Books in Stacks (Lending)

© WERC Library